| 000 | 00000nas 2200000za 4500 |
|---|---|
| 001 | 9.514555 |
| 003 | CaOODSP |
| 005 | 20220825092150 |
| 007 | ta |
| 008 | 150406c1998||||xxc|| m #||||f| |0eng|d |
| 040 | |aCaOODSP|beng |
| 043 | |an-cn--- |
| 086 | 1 |aEn153-97E |
| 110 | 2 |aSt. Lawrence Centre. |
| 245 | 10|aState of the St. Lawrence River |
| 260 | |aMontreal - Quebec : |bEnvironment Canada. |
| 563 | |aSoftcover |
| 775 | 08|tL'état du Saint-Laurent |w(CaOODSP)9.512957 |
| 776 | 0#|tIssue - state of the St. Lawrence River |w(CaOODSP)9.506479 |